000 00954nam a2200253 i 4500
001 bg
245 0 0 _aZarządzanie nowoczesnym bankiem w okresie zmian.
_nT. 2,
_pAnaliza sprawozdań finansowych /
_cChris J. Baltrop, Diana McNaughton ; [tł. z ang. Zofia Całka et al.].
246 _iTyt. oryg.:
_aBanking institutions in developing markets
246 _iTyt. oryg.:
_aInterpreting financial statements
260 _aWarszawa :
_bFundacja Warszawski Instytut Bankowości,
_c1995.
300 _a244, [1] s. ;
_c24 cm.
500 _aOryg. : "Banking institutions in developing markets" vol.2, "Interpreting financial statements" 1992.
650 9 _aBanki
_xsprawozdawczość
655 _aPoradniki
700 1 _aBALTROP, Chris J.
700 1 _aMcNAUGHTON, Diana.
020 _a8390421801
040 _cBPK
041 1 _apl
_hen
080 _a336.71:657
920 _a83-904218-0-1
942 _cKS
008 s pl f |000 0 pol
999 _c32890
_d32890
856 _uhttp://koha.tu.koszalin.pl/cgi-bin/koha/opac-detail.pl?biblionumber=32890
_yKatalog online BPK